00883nam a22002417a 450000500170000001000130001702000230003003500130005303700160006604000120008208200160009424501460011026000320025627000600028830000240034850000300037265000180040265000170042070000330043794200250047099900190049595201270051420170124110048.0 aB-059348 c130.00a8126007958 aB-059348 bCen Lib/Ret aDPLbEN a792.62bUNN aUnnayi Varier'd nalacaritam :ctranslated by Sudha Gopalakrishna bwith performance manual besd on kalamadalam Krishna nair's stage version / aNew Delhi bSahitya academy bNew Delhi aRavindra bhavan 35, Ferozshah marg e110001 axv,258p. c21cm(Hb) aBibliographical glossary  aDance 924930 aMusic 94778 aGopalakrishna, Sudha 923015 2ddccENh792.62mUNN c128953d128953 00104070aLbLd2015-07-04eCen Lib/Retg130.00l0o792.62 UNNpB-059348r2015-07-04 00:00:00t1v130.00w2016-09-15yEN